000 01009cam a2200253 a 4500
001 15094458
005 20201128020726.0
008 071127s2008 paua b 001 0 eng
010 _a2007048612
020 _a9780749452339
040 _aDLC
_cDLC
_dDLC
050 0 0 _aHD30.28
_b.W597 2008
082 0 0 _a658.4012
_222
_bWIT
100 1 _aWittmann, Robert G.
_92989
245 1 0 _aStrategic Planning :
_bHow to Deliver Maximum value through Effective Business Strategy /
_cRobert G. Wittmann and Matthias P. Reuter.
260 _aPhiladelphia :
_bKogan Page Limited,
_cc2008.
300 _axvi, 176 p. :
_bill. ;
_c24 cm.
504 _aIncludes bibliographical references (p. [165]-168) and index.
650 0 _aStrategic planning
_vHandbooks, manuals, etc.
_92990
650 0 _aBusiness planning
_vHandbooks, manuals, etc.
_92991
700 1 _aReuter, Matthias P.
_92992
942 _2ddc
_cBB
999 _c11152
_d11152